| 000 | 00925na a2200289 4500 | ||
|---|---|---|---|
| 001 | 14249 | ||
| 003 | MIRAKIL | ||
| 005 | 20181213155304.0 | ||
| 008 | 161028b tu 000 0 | ||
| 020 | _a9758126490 | ||
| 035 | _a14249 | ||
| 040 |
_aMilas _btur _cTR-AnCHP |
||
| 041 | _atur | ||
| 082 |
_a811.42 _bG75b 2003 |
||
| 090 | _a811.42 G75b 2003 | ||
| 100 |
_aGönenç, Turgay _d1939- |
||
| 245 |
_aBenim çocukluğum fesleğen kokar _bBarok esintintiler _bToplu şiirler : resimler (2001-2002) _cTurgay Gönenç |
||
| 246 | _aToplu şiirler : resimler (2001-2002) | ||
| 246 | _aBarok esintintiler | ||
| 260 |
_aİstanbul _bBilim Sanat Galerisi _c2003 |
||
| 300 |
_a335 s. _brnk. res. _c22 sm. |
||
| 600 |
_aGönenç, Turgay _d1939- _xŞiirler _yResimler |
||
| 650 |
_aResim sanatı _x20. yüzyıl |
||
| 650 |
_aResim sanatı _xTürk ressamlar |
||
| 650 |
_aTürk edebiyatı _xTürkçe şiir |
||
| 942 |
_2ddc _cBKS |
||
| 999 |
_c10006 _d10006 |
||